09_栃木県の市町村(ひらがな対応・五十音順) - Statistics

General Stats
  • This quiz has been taken 42 times
  • The average score is 21 of 25
Answer Stats
種類 市町村名 % Correct
宇都宮市
100%
那須塩原市
97%
那須町
97%
日光市
97%
足利市
95%
小山市
95%
佐野市
95%
那須烏山市
92%
大田原市
89%
さくら市
89%
栃木市
89%
真岡市
89%
矢板市
89%
鹿沼市
87%
下野市
87%
野木町
79%
茂木町
79%
上三川町
76%
芳賀町
76%
壬生町
74%
市貝町
71%
高根沢町
71%
那珂川町
71%
益子町
71%
塩谷町
68%
No matching quizzes found
Score Distribution
Percent of People with Each Score
Percentile by Number Answered
Your Score History
You have not taken this quiz